[Event "ODJM A 2015"]
[Site "Willingen GER"]
[Date "2015.05.26"]
[Round "4"]
[White "Boes, Julian"]
[Black "Buhr, Patrick"]
[Result "1/2-1/2"]
[Termination "normal"]
[Board "16"]
[WhiteElo "1936"]
[BlackElo "1769"]
[PlyCount "86"]
[WhiteFideId "12907723"]
[BlackFideId "16206436"]
[EventCountry "GER"]
[EventRounds "9"]
[EventType "swiss"]
[EventDate "2015.05.23"]

1. d4 d5 2. Nc3 Nf6 3. Bf4 c6 4. Qd2 Bf5 5. f3 Nbd7 6. g4 Bg6 7. h4 h6 8. e3 e6
9. Bd3 Bxd3 10. Qxd3 Be7 11. Nge2 c5 12. Kf2 a6 13. a4 Nb6 14. Rag1 Nfd7 15. g5
h5 16. g6 f6 17. Bg3 Nc4 18. b3 Nd6 19. Nf4 c4 20. bxc4 dxc4 21. Qd1 Nf8 22. d5
e5 23. Ne6 Nxe6 24. dxe6 Nf5 25. Nd5 Bc5 26. Re1 Qd6 27. Kg2 Rd8 28. e4 Ne7 29.
f4 Nxd5 30. exd5 exf4 31. Bh2 Qxd5+ 32. Qxd5 Rxd5 33. Bxf4 Ke7 34. Re4 b5 35.
axb5 axb5 36. Ra1 Rd4 37. Rxd4 Bxd4 38. Rb1 Kxe6 39. Rxb5 f5 40. Ra5 Rd8 41.
Kf3 Rd7 42. Ra6+ Kd5 43. Ra5+ Ke6 1/2-1/2

[Event "ODJM A 2015"]
[Site "Willingen GER"]
[Date "2015.05.26"]
[Round "4"]
[White "Thumm, Felix"]
[Black "Becker, Robin"]
[Result "1-0"]
[Termination "normal"]
[Board "17"]
[WhiteElo "1802"]
[BlackElo "1958"]
[PlyCount "75"]
[WhiteFideId "12902209"]
[BlackFideId "12955698"]
[EventCountry "GER"]
[EventRounds "9"]
[EventType "swiss"]
[EventDate "2015.05.23"]

1. d4 d5 2. Nf3 Nc6 3. e3 Bg4 4. Nbd2 e5 5. h3 Bxf3 6. Nxf3 e4 7. Nd2 f5 8. c4
Nf6 9. a3 a5 10. Qb3 Ra7 11. cxd5 a4 12. Qa2 Nxd5 13. Bb5 Ra5 14. Qc4 Qd7 15.
Bxa4 Nb6 16. Bxc6 Qxc6 17. Qxc6+ bxc6 18. b3 c5 19. Bb2 cxd4 20. Bxd4 Rxa3 21.
Rxa3 Bxa3 22. Bxg7 Rg8 23. Be5 Nd5 24. Ke2 Kd7 25. g3 Rb8 26. Rd1 Bd6 27. Bb2
Ke6 28. Rc1 h5 29. Rc4 Rb5 30. g4 hxg4 31. hxg4 Nb6 32. gxf5+ Kxf5 33. Rc2 Nd5
34. f3 exf3+ 35. Nxf3 Rb8 36. Nd4+ Ke4 37. Nc6 Rh8 38. Bxh8 1-0

[Event "ODJM A 2015"]
[Site "Willingen GER"]
[Date "2015.05.26"]
[Round "4"]
[White "Schnabel, Bennett"]
[Black "Longo, Claudio"]
[Result "1-0"]
[Termination "normal"]
[Board "19"]
[WhiteElo "1864"]
[BlackElo "2013"]
[PlyCount "63"]
[WhiteFideId "12943290"]
[BlackFideId "12994766"]
[EventCountry "GER"]
[EventRounds "9"]
[EventType "swiss"]
[EventDate "2015.05.23"]

1. e4 d5 2. exd5 Nf6 3. d4 Nxd5 4. Nf3 g6 5. c3 Bg7 6. Bc4 O-O 7. O-O Nc6 8.
Re1 Bf5 9. Bg5 Re8 10. Nbd2 a6 11. a4 Qd6 12. Bh4 Nb6 13. Bb3 Rad8 14. Bg3 Qd7
15. Ne5 Nxe5 16. Bxe5 Be6 17. Bxe6 fxe6 18. Bxg7 Kxg7 19. a5 Nd5 20. Qe2 Nf6
21. Qxe6 Qb5 22. Qb3 Qc6 23. Nf3 Nd7 24. Re6 Qb5 25. Qxb5 axb5 26. Rae1 Kf8 27.
b4 Nf6 28. Ng5 Rd6 29. Kf1 h6 30. Rxd6 exd6 31. Ne6+ Kf7 32. Nxc7 1-0

[Event "ODJM A 2015"]
[Site "Willingen GER"]
[Date "2015.05.26"]
[Round "4"]
[White "Stemmler, Fabian"]
[Black "Kappelmann, Florian"]
[Result "1-0"]
[Termination "normal"]
[Board "20"]
[WhiteElo "1940"]
[BlackElo "1701"]
[PlyCount "71"]
[WhiteFideId "12964808"]
[BlackFideId "12973165"]
[EventCountry "GER"]
[EventRounds "9"]
[EventType "swiss"]
[EventDate "2015.05.23"]

1. d4 b6 2. Nf3 Bb7 3. e3 e6 4. Bd3 Nf6 5. Nbd2 c5 6. b3 Nc6 7. Bb2 a6 8. O-O
Rc8 9. a3 Be7 10. c4 d5 11. Qe2 O-O 12. cxd5 Nxd5 13. dxc5 Bxc5 14. Bxa6 Bxa6
15. Qxa6 Nxe3 16. fxe3 Bxe3+ 17. Kh1 Nb8 18. Qe2 Bxd2 19. Rfd1 Rc2 20. Rxd2
Rxd2 21. Qxd2 Nc6 22. Qxd8 Rxd8 23. b4 Ne7 24. Kg1 Nd5 25. Kf2 Nf4 26. Bd4 b5
27. g3 Nd5 28. Rc1 h6 29. Rc5 Ra8 30. Bb2 Nb6 31. Rxb5 Nc4 32. Bc1 Nxa3 33. Ra5
Rxa5 34. bxa5 Nc4 35. a6 f6 36. Be3 1-0

[Event "ODJM A 2015"]
[Site "Willingen GER"]
[Date "2015.05.26"]
[Round "4"]
[White "Glaser, Maximilian"]
[Black "Wachinger, David"]
[Result "1/2-1/2"]
[Termination "normal"]
[Board "21"]
[WhiteElo "1721"]
[BlackElo "1901"]
[PlyCount "119"]
[WhiteFideId "12956961"]
[BlackFideId "24692689"]
[EventCountry "GER"]
[EventRounds "9"]
[EventType "swiss"]
[EventDate "2015.05.23"]

1. d4 Nf6 2. Nc3 d5 3. Bf4 c6 4. e3 Bf5 5. Bd3 Bg6 6. Nge2 e6 7. f3 Bd6 8. Qd2
Qe7 9. O-O-O O-O 10. g4 Bxd3 11. Qxd3 Bxf4 12. exf4 c5 13. h4 Nc6 14. h5 cxd4
15. Nxd4 Rac8 16. Rde1 Nb4 17. Qd2 Qc5 18. Kb1 Nc6 19. Nb3 Qc4 20. g5 Nd7 21.
Rh2 Nc5 22. g6 Nxb3 23. axb3 Qd4 24. Nb5 Qxd2 25. Rxd2 Rcd8 26. gxf7+ Kxf7 27.
Rde2 Rfe8 28. Nc7 Nd4 29. Nxe8 Nxe2 30. Rxe2 Rxe8 31. Kc1 Kf6 32. Re5 Rd8 33.
Kd2 Ke7 34. Ke3 Kd6 35. Rg5 Rd7 36. Rg1 b5 37. b4 h6 38. c3 Ke7 39. Ra1 Kf6 40.
Ra5 Rb7 41. Ra1 g6 42. hxg6 Kxg6 43. Rh1 Rf7 44. Rh4 Rc7 45. Kd4 Kf5 46. Rxh6
Rc4+ 47. Ke3 d4+ 48. cxd4 Rxb4 49. Rh5+ Kf6 50. Rh2 Kf5 51. Rh5+ Kf6 52. Ke4
Rxb2 53. Rh6+ Ke7 54. Rh7+ Kf6 55. Rxa7 b4 56. Ra5 b3 57. Rb5 Rb1 58. Kd3 b2
59. Kc2 Rf1 60. Kxb2 1/2-1/2

[Event "ODJM A 2015"]
[Site "Willingen GER"]
[Date "2015.05.26"]
[Round "4"]
[White "Hesse, Henrik"]
[Black "Dittrich, Tom"]
[Result "1/2-1/2"]
[Termination "normal"]
[Board "22"]
[WhiteElo "1816"]
[BlackElo "1762"]
[PlyCount "59"]
[WhiteFideId "12952060"]
[BlackFideId "12923532"]
[EventCountry "GER"]
[EventRounds "9"]
[EventType "swiss"]
[EventDate "2015.05.23"]

1. c4 Nf6 2. Nc3 g6 3. d4 Bg7 4. e4 d6 5. Nf3 O-O 6. Be2 Na6 7. O-O e5 8. d5
Nc5 9. Qc2 a5 10. Bg5 Bd7 11. Nd2 h6 12. Be3 b6 13. f4 exf4 14. Rxf4 Qe7 15.
Raf1 g5 16. R4f2 Rae8 17. Bxc5 bxc5 18. Kh1 Ng4 19. Bxg4 Bxg4 20. h3 Bh5 21.
Ne2 Bg6 22. Ng3 Rb8 23. b3 Qe5 24. Nf5 Bxf5 25. Rxf5 Qc3 26. Qxc3 Bxc3 27. Nb1
Bd4 28. Na3 Rbe8 29. Re1 Re7 30. Nb5 1/2-1/2

[Event "ODJM A 2015"]
[Site "Willingen GER"]
[Date "2015.05.26"]
[Round "4"]
[White "Hoppe, Andreas"]
[Black "Torzinski, Nils"]
[Result "1/2-1/2"]
[Termination "normal"]
[Board "23"]
[WhiteElo "1767"]
[BlackElo "1859"]
[PlyCount "68"]
[WhiteFideId "12922811"]
[BlackFideId "24695840"]
[EventCountry "GER"]
[EventRounds "9"]
[EventType "swiss"]
[EventDate "2015.05.23"]

1. d4 d5 2. Bf4 e6 3. Nc3 Nf6 4. f3 c5 5. e3 a6 6. Qd2 Nc6 7. Nge2 b5 8. O-O-O
Bd7 9. Bg5 b4 10. Nb1 c4 11. c3 a5 12. e4 h6 13. exd5 exd5 14. Qe3+ Qe7 15.
Qxe7+ Bxe7 16. Bh4 O-O 17. g4 Rfb8 18. Bg2 bxc3 19. Nexc3 Nb4 20. Rhe1 Bd6 21.
Bf1 Bf4+ 22. Nd2 Re8 23. Rxe8+ Nxe8 24. a3 Nc6 25. Nxd5 Bxh2 26. Nxc4 Bg1 27.
Ne7+ Nxe7 28. Bxe7 Ba4 29. Rd2 Bb3 30. Kb1 a4 31. Bc5 Nf6 32. Rg2 Re8 33. Re2
Rd8 34. Rd2 Re8 1/2-1/2

[Event "ODJM A 2015"]
[Site "Willingen GER"]
[Date "2015.05.26"]
[Round "4"]
[White "Faulhaber, Tobias"]
[Black "Recktenwald, Cedric"]
[Result "0-1"]
[Termination "normal"]
[Board "24"]
[WhiteElo "1917"]
[BlackElo "1492"]
[PlyCount "134"]
[WhiteFideId "1271914"]
[BlackFideId "12971928"]
[EventCountry "GER"]
[EventRounds "9"]
[EventType "swiss"]
[EventDate "2015.05.23"]

1. e4 e6 2. d4 d5 3. e5 c5 4. c3 Nc6 5. Nf3 Bd7 6. Bd3 cxd4 7. cxd4 Qb6 8. Nc3
Nxd4 9. Nxd4 Qxd4 10. O-O a6 11. Re1 Ne7 12. Be3 Qxe5 13. f4 Qd6 14. Bc2 Nc6
15. f5 Be7 16. fxe6 fxe6 17. Qh5+ Kd8 18. Bb6+ Kc8 19. Na4 Bf6 20. Bc5 Bd4+ 21.
Bxd4 Nxd4 22. Rac1 Kb8 23. Nc3 Nxc2 24. Rxc2 Ka7 25. Kh1 Raf8 26. Qd1 Qb8 27.
Qd4+ Ka8 28. Qxg7 Bc6 29. Rce2 Qf4 30. h3 d4 31. Ne4 d3 32. Rf2 Qxf2 33. Nxf2
Rhg8 34. Qxf8+ Rxf8 35. Nxd3 Bd5 36. a3 Rf7 37. Kg1 Ka7 38. Rf1 Rxf1+ 39. Kxf1
Kb6 40. Nf4 Kc5 41. Nxd5 Kxd5 42. Ke2 Ke4 43. g3 e5 44. b4 b5 45. Kf2 Kd3 46.
g4 e4 47. Ke1 Ke3 48. g5 Kf4 49. h4 Kg4 50. Ke2 Kxh4 51. Ke3 Kxg5 52. Kxe4 Kg4
53. Kd5 h5 54. Kc6 h4 55. Kb6 h3 56. Kxa6 h2 57. Kxb5 h1=Q 58. a4 Qd5+ 59. Kb6
Qd6+ 60. Kb5 Qd7+ 61. Ka5 Qa7+ 62. Kb5 Kf5 63. a5 Qb7+ 64. Kc5 Qa6 65. b5 Qxa5
66. Kc6 Qa7 67. b6 Qb8 0-1

[Event "ODJM A 2015"]
[Site "Willingen GER"]
[Date "2015.05.26"]
[Round "4"]
[White "Neumann, Tiemon"]
[Black "Borchert, Louis"]
[Result "0-1"]
[Termination "normal"]
[Board "25"]
[WhiteElo "1664"]
[BlackElo "1829"]
[PlyCount "88"]
[WhiteFideId "12925462"]
[BlackFideId "12990680"]
[EventCountry "GER"]
[EventRounds "9"]
[EventType "swiss"]
[EventDate "2015.05.23"]

1. g3 e5 2. Bg2 d5 3. b4 Nf6 4. a3 Bd6 5. Bb2 O-O 6. Nf3 Re8 7. d3 c6 8. Nbd2
Bf5 9. O-O Qc8 10. e4 Bh3 11. Re1 Bxg2 12. Kxg2 Nbd7 13. d4 exd4 14. exd5 Nxd5
15. Bxd4 c5 16. bxc5 Bxc5 17. Rxe8+ Qxe8 18. Nb3 Bxd4 19. Qxd4 N7f6 20. Re1 Qc6
21. c4 Nc7 22. Re7 Ne6 23. Qc3 b6 24. Qe5 Rd8 25. Rxa7 Rd3 26. Qb8+ Ne8 27. Qa8
Qxa8 28. Rxa8 N6c7 29. Nc1 Rd1 30. Rb8 Rxc1 31. Rxb6 Rxc4 32. Ne5 Ra4 33. Rb3
Kf8 34. Nd7+ Ke7 35. Nb6 Ra6 36. a4 Kd6 37. a5 Kc6 38. Nc4 Nd6 39. Nxd6 Kxd6
40. Rd3+ Nd5 41. Ra3 Nb4 42. Kf3 Nc6 43. Ke4 Rxa5 44. Rd3+ Ke6 0-1

[Event "ODJM A 2015"]
[Site "Willingen GER"]
[Date "2015.05.26"]
[Round "4"]
[White "Reitz, Philipp"]
[Black "Leonard, Timo"]
[Result "0-1"]
[Termination "normal"]
[Board "26"]
[WhiteElo "1797"]
[BlackElo "1528"]
[PlyCount "42"]
[WhiteFideId "12973297"]
[BlackFideId "16208757"]
[EventCountry "GER"]
[EventRounds "9"]
[EventType "swiss"]
[EventDate "2015.05.23"]

1. e4 e6 2. d4 d5 3. Nc3 Bb4 4. Bd2 dxe4 5. Qg4 Ne7 6. Qxg7 Rg8 7. Qxh7 Qxd4 8.
Qxe4 Bxc3 9. Qxd4 Bxd4 10. c3 Bb6 11. h4 e5 12. Nf3 f6 13. g3 Be6 14. Bg2 Nd7
15. O-O O-O-O 16. Rfe1 Rxg3 17. Nd4 Bxd4 18. cxd4 Rg7 19. Kh2 Rh8 20. dxe5
Rxh4+ 21. Kg1 Bd5 0-1

[Event "ODJM A 2015"]
[Site "Willingen GER"]
[Date "2015.05.26"]
[Round "4"]
[White "Zesewitz, Maik"]
[Black "Gauchel, Lorenz"]
[Result "0-1"]
[Termination "normal"]
[Board "27"]
[WhiteElo "1604"]
[BlackElo "1748"]
[PlyCount "77"]
[WhiteFideId "12905640"]
[BlackFideId "12905283"]
[EventCountry "GER"]
[EventRounds "9"]
[EventType "swiss"]
[EventDate "2015.05.23"]

1. f4 d5 2. Nf3 g6 3. e3 Bg7 4. Be2 Nf6 5. O-O O-O 6. d3 c5 7. Nbd2 Nc6 8. Ne5
Nxe5 9. fxe5 Nd7 10. d4 cxd4 11. exd4 Qb6 12. c3 Nxe5 13. Kh1 Nc6 14. Nf3 Bf5
15. Ng5 Na5 16. Qe1 f6 17. g4 Bd7 18. Nh3 g5 19. Bf3 Qd6 20. b3 Nc6 21. a4 Be8
22. Ba3 Qd7 23. Qd2 Bg6 24. Qg2 Rfd8 25. Rad1 Rac8 26. Rfe1 Bf8 27. c4 Bf7 28.
c5 Na5 29. Re3 e6 30. Bb4 Nc6 31. Be1 e5 32. dxe5 Nxe5 33. Ba5 Bxc5 34. Bxd8
Bxe3 35. Bxf6 Nxf3 36. Qxf3 d4 37. Nf2 Bd5 38. Ne4 Qc6 39. Rxd4 0-1

[Event "ODJM A 2015"]
[Site "Willingen GER"]
[Date "2015.05.26"]
[Round "4"]
[White "Hartmann, Jakob"]
[Black "Steffens, Oliver"]
[Result "0-1"]
[Termination "normal"]
[Board "28"]
[WhiteElo "1914"]
[BlackElo "1665"]
[PlyCount "55"]
[WhiteFideId "12918067"]
[BlackFideId "12947148"]
[EventCountry "GER"]
[EventRounds "9"]
[EventType "swiss"]
[EventDate "2015.05.23"]

1. e4 c5 2. Nf3 Nc6 3. d4 cxd4 4. Nxd4 Nf6 5. Nc3 e5 6. Ndb5 d6 7. Bg5 a6 8.
Na3 b5 9. Bxf6 gxf6 10. Nd5 f5 11. Bd3 Be6 12. c3 Rc8 13. Qf3 Bxd5 14. exd5 e4
15. Qxf5 exd3 16. O-O Ne7 17. Rfe1 Qd7 18. Qf6 Rg8 19. g3 Rg6 20. Qf3 Qh3 21.
Rad1 Qg4 22. Qxd3 Kd8 23. Re2 Rc5 24. Qe3 h5 25. b4 Rxc3 26. Qxc3 Qxe2 27. Qd4
Nc8 28. Rc1 0-1

[Event "ODJM A 2015"]
[Site "Willingen GER"]
[Date "2015.05.26"]
[Round "4"]
[White "Berger, Nadja"]
[Black "Hundrieser, Malte"]
[Result "1-0"]
[Termination "normal"]
[Board "29"]
[WhiteElo "1808"]
[BlackElo "1659"]
[PlyCount "49"]
[WhiteFideId "24692212"]
[BlackFideId "12997153"]
[EventCountry "GER"]
[EventRounds "9"]
[EventType "swiss"]
[EventDate "2015.05.23"]

1. c4 e5 2. Nc3 Nc6 3. g3 g6 4. Bg2 Bg7 5. d3 d6 6. e3 f5 7. Nge2 Nf6 8. Rb1 a5
9. a3 O-O 10. b4 axb4 11. axb4 Ne7 12. O-O c6 13. Qb3 Be6 14. b5 d5 15. Ba3 Re8
16. Rfd1 Qd7 17. Na4 cxb5 18. Nb6 bxc4 19. dxc4 dxc4 20. Qb4 Qc7 21. Nxa8 Rxa8
22. Qxe7 Qxe7 23. Bxe7 Ng4 24. h3 Nf6 25. Rxb7 1-0

[Event "ODJM A 2015"]
[Site "Willingen GER"]
[Date "2015.05.26"]
[Round "4"]
[White "Bosse, Lea"]
[Black "Lai Hop, Long"]
[Result "1/2-1/2"]
[Termination "normal"]
[Board "30"]
[WhiteElo "1641"]
[BlackElo "1885"]
[PlyCount "83"]
[WhiteFideId "12900419"]
[BlackFideId "12942707"]
[EventCountry "GER"]
[EventRounds "9"]
[EventType "swiss"]
[EventDate "2015.05.23"]

1. e4 c5 2. Nc3 d6 3. f4 e6 4. Nf3 a6 5. a4 Be7 6. d3 Nf6 7. g3 b6 8. Bg2 Bb7
9. O-O d5 10. e5 Nfd7 11. b3 Qc7 12. Bb2 Nc6 13. Kh1 g6 14. Re1 Na7 15. Ra2 Rg8
16. d4 cxd4 17. Nxd4 Nc6 18. Nce2 Rc8 19. c3 Kf8 20. Nxc6 Bxc6 21. Nd4 Bb7 22.
b4 Kg7 23. Ra1 Nb8 24. Bh3 Qd7 25. b5 a5 26. Rc1 Bc5 27. Bf1 Qe7 28. Qd2 Rgd8
29. Ra1 Nd7 30. h3 Nf8 31. Kh2 Rd7 32. Nb3 Rdc7 33. Nxc5 Qxc5 34. Rec1 Qe7 35.
Ba3 Qe8 36. Qd4 Nd7 37. Bd6 Rc4 38. Bxc4 Rxc4 39. Qd1 Qc8 40. Qd2 Nc5 41. Bxc5
Qxc5 42. h4 1/2-1/2

[Event "ODJM A 2015"]
[Site "Willingen GER"]
[Date "2015.05.26"]
[Round "4"]
[White "Tiedemann, Fin Niklas"]
[Black "Sinnhöfer, Jonas"]
[Result "1-0"]
[Termination "normal"]
[Board "31"]
[WhiteElo "1774"]
[BlackElo "1671"]
[PlyCount "81"]
[WhiteFideId "12936936"]
[BlackFideId "12982938"]
[EventCountry "GER"]
[EventRounds "9"]
[EventType "swiss"]
[EventDate "2015.05.23"]

1. e4 e5 2. Nf3 Nc6 3. Bc4 Bc5 4. c3 Nf6 5. d4 exd4 6. cxd4 Bb4+ 7. Bd2 Nxe4 8.
Bxb4 Nxb4 9. Bxf7+ Kxf7 10. Qb3+ d5 11. Ne5+ Ke6 12. Qxb4 Qf8 13. Qxf8 Rxf8 14.
O-O b6 15. f3 Nf6 16. Re1 Kd6 17. Nc3 Ba6 18. b4 Rae8 19. b5 Bb7 20. Re3 Nd7
21. Nf7+ Rxf7 22. Rxe8 Nf6 23. Rd8+ Nd7 24. Re1 c5 25. bxc6 Bxc6 26. Rde8 Nf8
27. R8e5 Ng6 28. Re6+ Kc7 29. Kf2 b5 30. a3 Rf4 31. Ne2 Rf7 32. Rc1 Ne7 33. g3
Kd7 34. Re5 Ng8 35. Nf4 Nf6 36. Ke2 a5 37. Re6 Bb7 38. Rb6 Ke8 39. Ne6 Re7 40.
Kd3 Kf7 41. Nd8+ 1-0

[Event "ODJM A 2015"]
[Site "Willingen GER"]
[Date "2015.05.26"]
[Round "4"]
[White "Jacob, Karl"]
[Black "Pysarenko, Kyrill"]
[Result "0-1"]
[Termination "normal"]
[Board "32"]
[WhiteElo "1826"]
[BlackElo "1482"]
[PlyCount "94"]
[WhiteFideId "24696684"]
[BlackFideId "12974250"]
[EventCountry "GER"]
[EventRounds "9"]
[EventType "swiss"]
[EventDate "2015.05.23"]

1. Nf3 c5 2. e3 Nf6 3. d4 e6 4. Bd3 b6 5. Nbd2 Bb7 6. c3 d6 7. O-O Nbd7 8. e4
Qc7 9. Re1 Be7 10. Nf1 O-O 11. Bg5 Rfe8 12. N1d2 Rad8 13. Qc2 h6 14. Bh4 cxd4
15. Nxd4 a6 16. Bg3 Nh5 17. Re2 Nxg3 18. hxg3 Bf6 19. N2b3 Ne5 20. Rae1 Nxd3
21. Qxd3 b5 22. g4 Rd7 23. Qh3 Qb6 24. g3 a5 25. Nf3 b4 26. cxb4 Qxb4 27. Kg2
Kf8 28. Qh5 Rc7 29. Qxa5 Qxa5 30. Nxa5 Ba8 31. Rb1 Rb8 32. Ne1 Ra7 33. b4 Rxa5
34. Rb3 Rab5 35. Nd3 Ke8 36. f3 Be5 37. a4 R5b7 38. b5 Bd4 39. Nb4 Ra7 40. Ra2
Bf6 41. Rd3 Rb6 42. Na6 Bd8 43. Rad2 Ke7 44. Rc2 Bb7 45. Nb8 Rxa4 46. Nc6+ Bxc6
47. bxc6 Bc7 0-1

[Event "ODJM A 2015"]
[Site "Willingen GER"]
[Date "2015.05.26"]
[Round "4"]
[White "Brunner, Tobias"]
[Black "Biefel, Christian"]
[Result "0-1"]
[Termination "normal"]
[Board "33"]
[WhiteElo "1717"]
[BlackElo "1769"]
[PlyCount "102"]
[WhiteFideId "12949833"]
[BlackFideId "24692646"]
[EventCountry "GER"]
[EventRounds "9"]
[EventType "swiss"]
[EventDate "2015.05.23"]

1. e4 c6 2. d4 d5 3. exd5 cxd5 4. Nf3 Nc6 5. Bf4 Bg4 6. c3 e6 7. Nbd2 Bd6 8.
Be3 Nge7 9. Bd3 O-O 10. Bxh7+ Kh8 11. Bd3 f6 12. h3 Bf5 13. Bxf5 Nxf5 14. Nh4
Nxh4 15. Qh5+ Kg8 16. Qxh4 e5 17. Nb3 exd4 18. Nxd4 Re8 19. O-O Ne5 20. Rad1
Nc4 21. Bc1 Qd7 22. Rfe1 Be5 23. Nf3 Qb5 24. Nxe5 Nxe5 25. Qd4 Qc4 26. Be3 Rad8
27. b3 Qc6 28. Bf4 Qc7 29. Bg3 Re6 30. c4 Qe7 31. cxd5 Nf3+ 32. gxf3 Rxe1+ 33.
Rxe1 Qxe1+ 34. Kg2 Qa5 35. d6 a6 36. d7 Qb5 37. Qe3 Qxd7 38. Qb6 Rc8 39. Qe3
Re8 40. Qc5 Rc8 41. Qe3 Qd5 42. h4 Kf7 43. Qf4 Rc3 44. Qg4 g6 45. Qf4 f5 46.
Qh6 Qxf3+ 47. Kh2 f4 48. Qh7+ Kf6 49. Qh8+ Kf5 50. Qf8+ Kg4 51. Qb4 Rc1 0-1

[Event "ODJM A 2015"]
[Site "Willingen GER"]
[Date "2015.05.26"]
[Round "4"]
[White "Schulz, Theresa Charlotte"]
[Black "Engel, Robert"]
[Result "0-1"]
[Termination "normal"]
[Board "35"]
[WhiteElo "1611"]
[BlackElo "1718"]
[PlyCount "116"]
[WhiteFideId "12952206"]
[BlackFideId "12974684"]
[EventCountry "GER"]
[EventRounds "9"]
[EventType "swiss"]
[EventDate "2015.05.23"]

1. d4 Nf6 2. Nf3 g6 3. c4 Bg7 4. Nc3 d6 5. e3 O-O 6. Bd3 Re8 7. O-O e5 8. Bc2
Bg4 9. h3 Bd7 10. b3 Nh5 11. Bb2 f5 12. dxe5 dxe5 13. Qd5+ Kh8 14. Rad1 c6 15.
Qd6 Qe7 16. Qxe7 Rxe7 17. Rd6 e4 18. Nh2 Na6 19. Rfd1 Be8 20. g4 Nf6 21. Ne2
Nd7 22. Bxg7+ Kxg7 23. Nf4 Ndc5 24. gxf5 gxf5 25. a3 Bf7 26. Kh1 Ne6 27. Nxe6+
Bxe6 28. Nf1 Nc7 29. Ng3 Ne8 30. Rd8 Rxd8 31. Rxd8 Kf7 32. c5 Rd7 33. Rxd7+
Bxd7 34. b4 Kf6 35. Kg2 Nc7 36. Nh5+ Kf7 37. Bb3+ Be6 38. Bxe6+ Kxe6 39. Nf4+
Kf7 40. f3 Nb5 41. a4 Nc3 42. fxe4 fxe4 43. a5 Na2 44. Ne2 Kf6 45. Kg3 Ke5 46.
b5 cxb5 47. Nd4 a6 48. Kf2 Nc1 49. c6 Nd3+ 50. Ke2 bxc6 51. Nxc6+ Kd6 52. Nd4
Kd5 53. Kd2 b4 54. Kc2 Kc4 55. Kb1 b3 56. Nf5 Kc3 57. Nd4 Nc5 58. Ne2+ Kd3 0-1

[Event "ODJM A 2015"]
[Site "Willingen GER"]
[Date "2015.05.26"]
[Round "4"]
[White "Kornitzky, Tino"]
[Black "Schimnatkowski, Lukas"]
[Result "1/2-1/2"]
[Termination "normal"]
[Board "36"]
[WhiteElo "1622"]
[BlackElo "1851"]
[PlyCount "116"]
[WhiteFideId "12970379"]
[BlackFideId "12936723"]
[EventCountry "GER"]
[EventRounds "9"]
[EventType "swiss"]
[EventDate "2015.05.23"]

1. d4 Nf6 2. c4 c5 3. d5 e5 4. Nc3 d6 5. e4 Nbd7 6. Nf3 Be7 7. Be2 O-O 8. a3
Kh8 9. b4 Ne8 10. Be3 b6 11. Nd2 Bg5 12. Bxg5 Qxg5 13. O-O g6 14. Nb3 f5 15.
Bf3 a6 16. Rb1 Ndf6 17. bxc5 bxc5 18. Na5 f4 19. Na4 Ng7 20. Nb6 Ra7 21. Nxc8
Rxc8 22. Nc6 Rf7 23. Rb6 h5 24. Rxa6 Qh6 25. Ra7 Rcf8 26. Rxf7 Rxf7 27. Qb3
Nge8 28. Nd8 Rf8 29. Qb7 Kg8 30. Qe7 g5 31. Qe6+ Kh7 32. Qe7+ Kg6 33. Qe6 Qh8
34. Qf5+ Kh6 35. Ne6 Rg8 36. Bd1 Qh7 37. Qxh7+ Kxh7 38. Ba4 Nxe4 39. Bxe8 Rxe8
40. Re1 Rb8 41. f3 Nd2 42. Nxg5+ Kg6 43. Ne4 Nxc4 44. Rc1 Nxa3 45. Nxd6 Rd8 46.
Ne4 Rxd5 47. Rxc5 Rxc5 48. Nxc5 Nc4 49. Kf2 h4 50. Ne4 Kf5 51. g3 hxg3+ 52.
hxg3 Ne3 53. gxf4 Kxf4 54. Nf6 Nd1+ 55. Ke2 Nc3+ 56. Kf2 Kg5 57. Nd7 Kf5 58.
Nxe5 Kxe5 1/2-1/2

[Event "ODJM A 2015"]
[Site "Willingen GER"]
[Date "2015.05.26"]
[Round "4"]
[White "Tham, Minh"]
[Black "Meyer, Nico"]
[Result "1-0"]
[Termination "normal"]
[Board "37"]
[WhiteElo "1600"]
[BlackElo "1447"]
[PlyCount "75"]
[WhiteFideId "12997323"]
[BlackFideId "12975257"]
[EventCountry "GER"]
[EventRounds "9"]
[EventType "swiss"]
[EventDate "2015.05.23"]

1. e4 e5 2. Nf3 Nc6 3. Bb5 a6 4. Ba4 Bc5 5. O-O d6 6. c3 b5 7. Bc2 Bg4 8. h3
Bh5 9. Qe2 Qf6 10. d3 Nge7 11. Bb3 Bxf3 12. Qxf3 Qxf3 13. gxf3 Na5 14. Bc2 b4
15. cxb4 Bxb4 16. a3 Bc5 17. f4 Bd4 18. f5 g6 19. fxg6 hxg6 20. Kg2 f5 21. Nd2
f4 22. Nf3 Bb6 23. b4 Nac6 24. Bb2 a5 25. Ba4 Kf7 26. Rfc1 Nd8 27. d4 exd4 28.
Nxd4 Bxd4 29. Bxd4 Rf8 30. Rxc7 Ne6 31. Bb3 axb4 32. axb4 Rab8 33. Raa7 Rfe8
34. e5 Rxb4 35. exd6 Rxb3 36. Rxe7+ Rxe7 37. Rxe7+ Kf8 38. Rxe6 1-0

[Event "ODJM A 2015"]
[Site "Willingen GER"]
[Date "2015.05.26"]
[Round "4"]
[White "Sauer, Annika"]
[Black "Ehmann, Johanna"]
[Result "1/2-1/2"]
[Termination "normal"]
[Board "38"]
[WhiteElo "1646"]
[BlackElo "1671"]
[PlyCount "85"]
[WhiteFideId "12952052"]
[BlackFideId "12953130"]
[EventCountry "GER"]
[EventRounds "9"]
[EventType "swiss"]
[EventDate "2015.05.23"]

1. d4 d5 2. Nf3 Nf6 3. e3 e6 4. Bd3 c5 5. b3 Nc6 6. O-O Qc7 7. Bb2 cxd4 8. exd4
Nb4 9. a3 Nxd3 10. Qxd3 Be7 11. Nbd2 O-O 12. Rfe1 Bd7 13. Ne5 Rac8 14. Rac1
Rfe8 15. Ndf3 b5 16. Ng5 Rf8 17. Ng4 g6 18. Nh6+ Kg7 19. Nhxf7 Rxf7 20. Nxf7
Kxf7 21. g3 Bd6 22. Kg2 Re8 23. Qe2 a6 24. Rcd1 Ne4 25. Qd3 Kg7 26. Re3 Rf8 27.
Rf3 Qd8 28. Rxf8 Qxf8 29. Qf3 Qxf3+ 30. Kxf3 Kf6 31. Ke3 Bc6 32. f3 Ng5 33. h4
Nf7 34. f4 Kf5 35. Kf3 Nh6 36. b4 Ng4 37. Re1 h5 38. Ba1 Nf6 39. Bb2 Ne4 40.
Bc1 Bc7 41. Rd1 a5 42. Bd2 a4 43. Be1 1/2-1/2

[Event "ODJM A 2015"]
[Site "Willingen GER"]
[Date "2015.05.26"]
[Round "4"]
[White "Wissing, Philipp"]
[Black "Leddin, Mathias"]
[Result "1/2-1/2"]
[Termination "normal"]
[Board "39"]
[WhiteElo "1558"]
[BlackElo "1649"]
[PlyCount "89"]
[WhiteFideId "12993654"]
[BlackFideId "4654684"]
[EventCountry "GER"]
[EventRounds "9"]
[EventType "swiss"]
[EventDate "2015.05.23"]

1. e4 e5 2. Nf3 Nc6 3. Nc3 Nf6 4. Bb5 Bb4 5. O-O O-O 6. d3 d6 7. Be3 Ne7 8. Ne2
a6 9. Ba4 c5 10. Ng3 Ba5 11. c3 b5 12. Bc2 h6 13. d4 Qc7 14. d5 Ng4 15. Nh4
Nxe3 16. fxe3 c4 17. Kh1 Qa7 18. Qd2 Bd8 19. Nhf5 Nxf5 20. Nxf5 Bxf5 21. exf5
Bg5 22. Rae1 a5 23. g3 Rab8 24. h4 Bd8 25. e4 f6 26. Rb1 Bb6 27. Kg2 Rfc8 28.
Rfe1 Bc5 29. g4 Rc7 30. Kf3 Rbb7 31. g5 hxg5 32. hxg5 Kf7 33. g6+ Ke7 34. Qh2
Qb8 35. Rh1 Rc8 36. Qd2 Rh8 37. Rh7 Rg8 38. Qh6 Qf8 39. Ke2 Kd8 40. Qh4 Rb8 41.
b3 cxb3 42. Rxb3 Kc7 43. Bd3 b4 44. cxb4 axb4 45. Bc4 1/2-1/2